00778nam a2200229 i 450000100060000000300090000600500170001500700030003200800410003502000180007610000280009424501110012225000120023326000390024530000320028450000120031650400200032870000280034885200330037699900170040995201220042674874ES-MaACL20230906172255.0t|040921s1986 sp ||||1| spa d a84-322-4577-11 aGordon, Lyndall.95916010aVirginia Woolf b: vida de una escritora / cLyndall Gordon ; traducción del inglés por Jaime Zulaika. a1ª ed. aBarcelona : bSeix Barral, c1986. a382 p., 4 lám. ; c20 cm. aIndice. aBibliografía.1 aZulaika, Jaime.9118447 aES-MaACLjL-10993 bR.112606 c74874d74874 00104070aATENEOMbATENEOMcDEPO2d2008-01-17eSCl0oL-10993p1078373r2023-02-23 00:00:00w2023-02-23yMONOGRAFIA